AH International Schools' Libraries

Interactive Science: Science and Technology / (Record no. 50460)

MARC details
000 -LEADER
fixed length control field 00326nam a2200109 4500
020 ## - INTERNATIONAL STANDARD BOOK NUMBER
International Standard Book Number 9780133684834
100 ## - MAIN ENTRY--PERSONAL NAME
Personal name Pearson,
Relator term author.
9 (RLIN) 87389
245 ## - TITLE STATEMENT
Title Interactive Science: Science and Technology /
Statement of responsibility, etc by Pearson.
260 ## - PUBLICATION, DISTRIBUTION, ETC. (IMPRINT)
Name of publisher, distributor, etc Pearson:
Date of publication, distribution, etc January 1, 2009.
300 ## - PHYSICAL DESCRIPTION
Extent 172 pages.
Dimensions 8.25 x 0.25 x 10.5 inches.
942 ## - ADDED ENTRY ELEMENTS (KOHA)
Source of classification or shelving scheme
Koha item type Book
Holdings
Withdrawn status Lost status Source of classification or shelving scheme Damaged status Not for loan Home library Current library Date acquired Total Checkouts Full call number Barcode Date last seen Price effective from Koha item type
          Logos International School Logos International School 04/29/2026   C&C 600 PEA 040975 04/29/2026 04/29/2026 Book

For any Logos Library related questions please contact Miss Art at swongnarasuk@asianhope.org.

For any Asian Hope Library related questions please contact Miss Raza at graza@asianhope.org.

Powered by Koha